000 00534nam a22002297a 4500
003 UA-OsUOA
001 50244
007 ta
008 20071108b un ||||| |||| 00| 0 ukr d
100 _aЦендорвский В.
090 _a323.2(477)
_bЦ37
942 _cBK
040 _aUA-OsUOA
_brus
_cUA-OsUOA
_dUA-OsUOA
245 _aНикто, кроме нас
300 _a212 с.
955 _a3
041 _arus
080 _a323.2(477)
260 _aК.
_c2006
650 7 _a32 Політика
_2UDC
999 _c336351
_d336351